Jimmy's hall /

Bibliographic Details
Main Author: Laverty, Paul
Format: Book
Language:English
Published: London : Route, 2014.
Subjects:

MARC

Tag First Indicator Second Indicator Subfields
LEADER 00000cam a22000004i 4500
001 in00003496113
005 20151206124433.0
008 140619s2014 enka 001 d eng d
020 |a 190192761X 
020 |a 9781901927610 
035 |a (OCoLC)ocn881515314 
040 |a YDXCP  |e rda  |c YDXCP  |d NDD  |d UtOrBLW 
049 |a TXAM 
050 4 |a PN1997.2  |b .J56 2014 
082 0 |a 791.43/72  |2 23 
100 1 |a Laverty, Paul. 
245 1 0 |a Jimmy's hall /  |c written by Paul Laverty ; directed by Ken Loach. 
264 1 |a London :  |b Route,  |c 2014. 
300 |a 248 pages :  |b illustrations ;  |c 20 cm. 
336 |a text  |b txt  |2 rdacontent 
337 |a unmediated  |b n  |2 rdamedia 
338 |a volume  |b nc  |2 rdacarrier 
630 0 0 |a Jimmy's hall (Motion picture) 
945 |a PromptCat  |b 987592 
946 |a stk 
947 |a A14840359250 
948 |a cataloged  |b h  |c 2014/12/8  |d c  |e dmitchel  |f 1:10:20 pm 
994 |a C0  |b TXA 
999 |a MARS 
999 f f |s 5ead4f05-965f-38e2-b3b2-bd9a85ba3cc4  |i 04a9a1fe-2a71-3657-b0d5-c7d76f603766  |t 0 
952 f f |p normal  |a Texas A&M University  |b College Station  |c Sterling C. Evans Library  |d Evans: Library Stacks  |t 0  |e PN1997.2 .J56 2014  |h Library of Congress classification  |i unmediated -- volume  |m A14840359250 
998 f f |a PN1997.2 .J56 2014  |t 0  |l Evans: Library Stacks